[Event "Reykjavik op"]
[Site "Reykjavik"]
[Date "2025.04.13"]
[Round "7"]
[White "Balton, Tim"]
[Black "Joel Paul, Ganta"]
[Result "0-1"]
[WhiteElo "1988"]
[BlackElo "2170"]
[PlyCount "87"]
[EventDate "2025.04.09"]
[EventType "swiss"]
[EventRounds "9"]
[EventCountry "ISL"]
[SourceTitle "CB17_2025"]
[SourceDate "2025.04.23"]
[SourceVersion "1"]
[SourceVersionDate "2025.04.23"]
[SourceQuality "1"]

1. d4 Nf6 2. e3 g6 3. Nf3 Bg7 4. b3 0-0 5. Bb2 d5 6. c4 b6 7. Nc3 Bb7 8. cxd5 Nxd5 9. Be2 c5 10. Nxd5 Qxd5 11. 0-0 Nc6 12. Bc4 Qd7 13. Qe2 cxd4 14. exd4 e6 15. Rfd1 Nb4 16. d5 Nxd5 17. Bxg7 Kxg7 18. Qe5+ f6 19. Qg3 b5 20. Bd3 Rac8 21. h4 Nc3 22. Rd2 Qxd3 23. Rxd3 Ne2+ 24. Kh2 Nxg3 25. Kxg3 Rfd8 26. Nd4 Kf7 27. Rad1 b4 28. Nb5 Rxd3+ 29. Rxd3 Ke7 30. Nxa7 Rc3 31. Re3 Rc5 32. a4 bxa3 33. b4 a2 34. Ra3 Rc3+ 35. Rxc3 a1Q 36. Rc7+ Kf8 37. Rxb7 Qe5+ 38. Kh3 h5 39. b5 g5 40. hxg5 fxg5 41. Nc6 Qf4 42. g3 Qxf2 43. b6 Qg1 44. Rb8+ 0-1

[Event "Koge op 4th"]
[Site "Koge"]
[Date "2023.04.23"]
[Round "7"]
[White "Balton, Tim"]
[Black "Keinicke, Mads"]
[Result "1/2-1/2"]
[WhiteElo "2010"]
[BlackElo "1828"]
[PlyCount "80"]
[EventDate "2023.04.21"]
[EventType "swiss"]
[EventRounds "7"]
[EventCountry "DEN"]
[SourceTitle "EXT 2024"]
[Source "ChessBase"]
[SourceDate "2023.10.10"]
[SourceVersion "1"]
[SourceVersionDate "2023.10.10"]
[SourceQuality "1"]

1. d4 e6 2. e3 f5 3. Nf3 Nf6 4. c4 Bb4+ 5. Bd2 Bxd2+ 6. Nbxd2 0-0 7. Qc2 b6 8. Bd3 Bb7 9. 0-0 Na6 10. a3 c5 11. e4 fxe4 12. Nxe4 Nxe4 13. Bxe4 Bxe4 14. Qxe4 Qc7 15. Ng5 g6 16. Qh4 h5 17. Qe4 Kg7 18. g3 Rae8 19. Rad1 Nb8 20. Rd3 Rf5 21. h4 cxd4 22. Rxd4 Qe5 23. Qd3 Qf6 24. Ne4 Qe5 25. Nd6 Ref8 26. Nxf5+ Rxf5 27. b4 Qc7 28. Re1 Rf7 29. b5 Qc5 30. Ree4 e5 31. Rd6 Qxf2+ 32. Kh1 Rf3 33. Re3 Qxe3 34. Qxg6+ Kf8 35. Rf6+ Rxf6 36. Qxf6+ Ke8 37. Qh8+ Ke7 38. Qxb8 Qe1+ 39. Kg2 Qe2+ 40. Kg1 Qe1+ 1/2-1/2

[Event "Koge op 4th"]
[Site "Koge"]
[Date "2023.04.21"]
[Round "1"]
[White "Balton, Tim"]
[Black "Liu, Casper Yukun"]
[Result "0-1"]
[WhiteElo "2010"]
[BlackElo "2241"]
[PlyCount "64"]
[EventDate "2023.04.21"]
[EventType "swiss"]
[EventRounds "7"]
[EventCountry "DEN"]
[SourceTitle "EXT 2024"]
[Source "ChessBase"]
[SourceDate "2023.10.10"]
[SourceVersion "1"]
[SourceVersionDate "2023.10.10"]
[SourceQuality "1"]

1. d4 d5 2. e3 Nf6 3. Bd3 c5 4. c3 Nc6 5. f4 g6 6. Nd2 Bg7 7. Ngf3 0-0 8. Ne5 Bf5 9. Qc2 e6 10. 0-0 Rc8 11. Ndf3 cxd4 12. Nxc6 Bxd3 13. Qxd3 bxc6 14. exd4 c5 15. dxc5 Ne4 16. Be3 Nxc5 17. Bxc5 Rxc5 18. Nd4 Qb6 19. Rf2 Rc4 20. Rd1 Rfc8 21. Kf1 a5 22. g4 Bxd4 23. cxd4 Rb4 24. Rdd2 Rcc4 25. Rc2 Rxd4 26. Rc8+ Kg7 27. Qc3 e5 28. fxe5 Rd1+ 29. Kg2 Rxg4+ 30. Kf3 Rf4+ 31. Kxf4 Qxf2+ 32. Kg4 Rd4+ 0-1